A Partnership for nature and the environment.
| Other Authors: | |
|---|---|
| Format: | Book |
| Published: |
Putrajaya:
EPU,
2002.
|
| Subjects: |
| LEADER | 00448cam a2200157 7i4500 | ||
|---|---|---|---|
| 001 | 0000014132 | ||
| 005 | 20040701090000.0 | ||
| 020 | 0 | 0 | |a 9834098103 |
| 090 | 0 | 0 | |a M 338.7 |b PAR |
| 245 | 0 | 2 | |a A Partnership for nature and the environment. |
| 260 | 0 | 0 | |a Putrajaya: |b EPU, |c 2002. |
| 300 | # | # | |a 56 p. |
| 650 | 0 | 0 | |a Environment -- |z Malaysia |
| 651 | 0 | 0 | |a Malaysia |
| 700 | 1 | 1 | |a Economi Planning Unit (EPU) |
| 999 | |a 0000014667 |b Book |c Malaysia |e Business Information Centre | ||


